000 01672cam a22003494a 4500
003 OSt
005 20180815142134.0
008 090522s2015 caua bf 001 0 eng
020 _a9781615256143
040 _aDNLM/DLC
_cDLC
_beng
042 _apcc
050 0 0 _aRE75
_b.M36 2009
060 1 0 _aWW 140
_bP895 2009
082 0 0 _a617.715
_222
_bPRO
245 0 0 _aPractical ophthalmology :
_ba manual for beginning residents /
_cexecutive editors, Fred M. Wilson II, Preston H. Blomquist ; contributing authors, Preston H. Blomquist ... [et al.].
250 _a7th ed.
260 _aSan Francisco, CA :
_bAmerican Academy of Ophthalmology,
_c2015.
300 _axvi, 319 p. :
_bill. (some col.) ;
_c27 cm.
504 _aIncludes bibliographical references and index.
505 0 _aIntroduction to the practice of ophthalmology -- Overview of the ophthalmic evaluation -- History taking -- Visual acuity examination -- Refraction -- Ocular motility examination -- Pupillary examination -- Visual field examination -- External examination -- Slit-lamp biomicroscopy.
650 0 _aEye
_xExamination
_vHandbooks, manuals, etc.
_964069
650 0 _aOphthalmology
_vHandbooks, manuals, etc.
_958378
650 1 2 _aEye Diseases
_xdiagnosis.
_915930
650 2 2 _aDiagnostic Techniques, Ophthalmological.
_938971
650 2 2 _aOphthalmology.
_964070
700 1 _aWilson, Fred M.,
_d1940-
_964071
700 1 _aBlomquist, Preston H.
_964072
710 2 _aAmerican Academy of Ophthalmology.
_964073
942 _cBOOK
906 _a7
_bcbc
_corignew
_d1
_eecip
_f20
_gy-gencatlg
999 _c42552
_d312172